[Event "Iasi op"]
[Site "Iasi"]
[Date "2014.05.13"]
[Round "4"]
[White "Ionita, Ioan"]
[Black "Barasiant, Mariana"]
[Result "0-1"]
[WhiteElo "1647"]
[BlackElo "1918"]
[PlyCount "86"]
[EventDate "2014.05.10"]
[EventType "swiss"]
[EventRounds "9"]
[EventCountry "ROU"]
[SourceTitle "CBM 160 Extra"]
[Source "ChessBase"]
[SourceDate "2014.07.01"]
[SourceVersion "1"]
[SourceVersionDate "2014.07.01"]
[SourceQuality "1"]

1. e4 c6 2. d4 d5 3. Nd2 dxe4 4. Nxe4 Bf5 5. Ng3 Bg6 6. h4 h6 7. Nf3 Nd7 8. h5 Bh7 9. Bd3 Bxd3 10. Qxd3 Qc7 11. Bd2 e6 12. 0-0-0 Ngf6 13. Ne4 0-0-0 14. Kb1 c5 15. Nxf6 Nxf6 16. Bc3 c4 17. Qe2 Nd5 18. Ne5 b5 19. Be1 Bd6 20. g3 Rhe8 21. f4 f6 22. Nf3 Qc6 23. c3 Kb7 24. Rh2 a5 25. Rc1 Rc8 26. Nd2 e5 27. fxe5 fxe5 28. dxe5 Bxe5 29. Qd1 Rf8 30. Nf3 Bc7 31. Nd4 Qd7 32. Nf3 Qf5+ 33. Ka1 Qxf3 34. Qd2 Qf5 35. Qg2 Rcd8 36. Rd1 Qf3 37. Qxf3 Rxf3 38. Rhd2 Rf1 39. a3 Ne3 40. Rxd8 Bxd8 41. Rxd8 Rxe1+ 42. Ka2 Rd1 43. Re8 Nd5 0-1

[Event "Iasi op"]
[Site "Iasi"]
[Date "2014.05.11"]
[Round "2"]
[White "Morea, Georgiana Steluta"]
[Black "Ionita, Ioan"]
[Result "1-0"]
[WhiteElo "1898"]
[BlackElo "1647"]
[PlyCount "93"]
[EventDate "2014.05.10"]
[EventType "swiss"]
[EventRounds "9"]
[EventCountry "ROU"]
[SourceTitle "CBM 160 Extra"]
[Source "ChessBase"]
[SourceDate "2014.07.01"]
[SourceVersion "1"]
[SourceVersionDate "2014.07.01"]
[SourceQuality "1"]

1. d4 Nf6 2. c4 e6 3. Nf3 b6 4. g3 Bb7 5. Bg2 Be7 6. 0-0 0-0 7. Nc3 d5 8. cxd5 exd5 9. Bf4 Nh5 10. Be3 Nf6 11. Rc1 Nbd7 12. Nh4 c6 13. Nf5 Re8 14. Bg5 Nf8 15. Re1 Ne6 16. Nxe7+ Qxe7 17. Bxf6 Qxf6 18. e3 g6 19. b4 b5 20. a4 a6 21. a5 Rad8 22. Nb1 Qe7 23. Qb3 Qf6 24. Nd2 Ng5 25. Qc2 Rd7 26. h4 Ne6 27. Nf3 Rc7 28. Ne5 Qe7 29. Qd2 f6 30. Nd3 f5 31. Rc2 Qd6 32. Rec1 Rec8 33. Ne5 Nf8 34. Rc5 Nd7 35. Nxd7 Qxd7 36. Qc3 Kf8 37. Bxd5 Ke7 38. Bg2 Kd8 39. Qb3 Qe7 40. Qc3 Qd7 41. d5 cxd5 42. Qh8+ Ke7 43. Qxh7+ Kd8 44. Qg8+ Ke7 45. Qg7+ Kd8 46. Qf8+ Qe8 47. Qxe8+ 1-0

[Event "ROM-ch"]
[Site "Targu Mures"]
[Date "2014.05.01"]
[Round "7"]
[White "Ionita, Ioan"]
[Black "Stilpeanu, Tibi Constantin"]
[Result "0-1"]
[WhiteElo "1643"]
[BlackElo "1719"]
[PlyCount "67"]
[EventDate "2014.04.26"]
[EventType "swiss"]
[EventRounds "11"]
[EventCountry "ROU"]
[SourceTitle "CBM 160 Extra"]
[Source "ChessBase"]
[SourceDate "2014.07.01"]
[SourceVersion "1"]
[SourceVersionDate "2014.07.01"]
[SourceQuality "1"]

1. d4 g6 2. c4 Bg7 3. Nc3 d6 4. e4 Nc6 5. Nf3 e5 6. d5 Nce7 7. h3 f5 8. Be3 Nf6 9. Bd3 0-0 10. Qc2 a5 11. 0-0 h6 12. Rac1 Bd7 13. a4 Kh7 14. Nb5 Qc8 15. Kh2 fxe4 16. Bxe4 Nxe4 17. Qxe4 Bf5 18. Qh4 Ng8 19. Ng5+ Kh8 20. Ne6 Bf6 21. Qg3 Rf7 22. c5 dxc5 23. Rxc5 Bxe6 24. dxe6 Rg7 25. Rfc1 c6 26. Nc3 Qxe6 27. Ne4 Be7 28. Rxe5 Qb3 29. Bc5 Qxb2 30. Rc4 Bxc5 31. Nxc5 Kh7 32. Re6 b5 33. axb5 cxb5 34. Rb6 0-1

[Event "ROM-ch"]
[Site "Targu Mures"]
[Date "2014.04.26"]
[Round "1"]
[White "Ionita, Ioan"]
[Black "Veneteanu, Ion Cristian"]
[Result "0-1"]
[WhiteElo "1643"]
[BlackElo "2158"]
[PlyCount "76"]
[EventDate "2014.04.26"]
[EventType "swiss"]
[EventRounds "11"]
[EventCountry "ROU"]
[SourceTitle "CBM 160 Extra"]
[Source "ChessBase"]
[SourceDate "2014.07.01"]
[SourceVersion "1"]
[SourceVersionDate "2014.07.01"]
[SourceQuality "1"]

1. d4 Nf6 2. c4 c5 3. d5 b5 4. cxb5 a6 5. bxa6 Bxa6 6. Nc3 d6 7. Nf3 Nbd7 8. Bg5 g6 9. Bxf6 Nxf6 10. e4 Bxf1 11. Kxf1 Bg7 12. g3 0-0 13. Kg2 Qa5 14. Qc2 Rfb8 15. Rhb1 Ng4 16. h3 Ne5 17. Nd2 Qa6 18. a4 Qd3 19. Qxd3 Nxd3 20. Nd1 Rb4 21. a5 c4 22. Ra3 Nxb2 23. Nc3 Bxc3 24. Rxc3 Rxa5 25. Rbc1 Raa4 26. Kf3 Nd3 27. Rd1 Nc5 28. Rdc1 Nd3 29. Rd1 Ne5+ 30. Ke3 Nd7 31. Rdc1 Nb6 32. Kd4 f5 33. f3 Kf7 34. Nxc4 Kf6 35. Kd3 fxe4+ 36. fxe4 Nd7 37. Rf1+ Kg7 38. Rf2 Rxc4 0-1

[Event "World Amateur-ch"]
[Site "Iasi"]
[Date "2013.04.26"]
[Round "5"]
[White "Enache, Tudor Eduard"]
[Black "Ionita, Ioan"]
[Result "1/2-1/2"]
[WhiteElo "1544"]
[BlackElo "1734"]
[PlyCount "89"]
[EventDate "2013.04.22"]
[EventType "swiss"]
[EventRounds "9"]
[EventCountry "ROU"]
[SourceTitle "CBM 154 Extra"]
[Source "ChessBase"]
[SourceDate "2013.06.25"]
[SourceVersion "2"]
[SourceVersionDate "2013.06.25"]
[SourceQuality "1"]

1. d4 d5 2. c4 c6 3. Nc3 Nf6 4. a3 e6 5. Bg5 Be7 6. Nf3 0-0 7. e3 a6 8. Bd3 Nbd7 9. 0-0 h6 10. Bh4 dxc4 11. Bxc4 b5 12. Bd3 Bb7 13. b4 Rc8 14. Ne4 Nxe4 15. Bxe7 Nxf2 16. Rxf2 Qxe7 17. Bc2 g6 18. Qb1 Kg7 19. Qb2 Kg8 20. Raf1 Rce8 21. Qc3 e5 22. dxe5 Nxe5 23. Nxe5 Qxe5 24. Qxe5 Rxe5 25. Bxg6 c5 26. Bxf7+ Kg7 27. bxc5 Rxc5 28. Be6 Rxf2 29. Rxf2 Rc7 30. Rd2 Kf6 31. Bd5 Rd7 32. Rf2+ Ke5 33. Bxb7 Rxb7 34. Rc2 Rb6 35. Kf2 Ke4 36. Ke2 a5 37. Rb2 b4 38. axb4 Rxb4 39. Ra2 a4 40. Kd2 Kf5 41. h3 h5 42. Kd3 Ke5 43. Kc2 Ke4 44. Kd2 Kf5 45. Ke2 1/2-1/2

[Event "ROM-ch"]
[Site "Sarata Monteoru"]
[Date "2012.02.15"]
[Round "3"]
[White "Puscas, Filip Andrei"]
[Black "Ionita, Ioan"]
[Result "0-1"]
[WhiteElo "1420"]
[BlackElo "1720"]
[PlyCount "60"]
[EventDate "2012.02.13"]
[EventType "swiss"]
[EventRounds "11"]
[EventCountry "ROU"]
[SourceTitle "CBM 147 Extra"]
[Source "ChessBase"]
[SourceDate "2012.04.24"]
[SourceVersion "1"]
[SourceVersionDate "2012.04.24"]
[SourceQuality "1"]

1. e4 c5 2. Nf3 d6 3. d4 cxd4 4. Nxd4 Nf6 5. Nc3 a6 6. Be2 e5 7. Nf3 Be7 8. 0-0 0-0 9. Bg5 Nbd7 10. Qd2 Qc7 11. Rad1 b5 12. a3 Bb7 13. Bd3 Rfe8 14. h3 Bf8 15. Nh2 h6 16. Bh4 Be7 17. Rfe1 Rad8 18. Re3 Nc5 19. Rg3 Kh8 20. Bxf6 Bxf6 21. f4 exf4 22. Qxf4 Be5 23. Qf5 Bxg3 24. e5 Nxd3 25. Rxd3 Rxe5 26. Qg4 Bxh2+ 27. Kxh2 Rg5 28. Qf4 Rxg2+ 29. Kh1 Rf2+ 30. Rf3 Rxf3 0-1

[Event "ROM-ch op"]
[Site "Sarata Monteoru"]
[Date "2011.02.20"]
[Round "11"]
[White "Secheres, Adrian Simion"]
[Black "Ionita, Ioan"]
[Result "1-0"]
[WhiteElo "1855"]
[BlackElo "1771"]
[PlyCount "105"]
[EventDate "2011.02.12"]
[EventType "swiss"]
[EventRounds "11"]
[EventCountry "ROU"]
[SourceTitle "EXT 2013"]
[Source "ChessBase"]
[SourceDate "2012.11.22"]
[SourceVersion "1"]
[SourceVersionDate "2012.11.22"]
[SourceQuality "1"]

1. d4 d5 2. c4 c6 3. Qc2 Nf6 4. Nf3 Bg4 5. Ne5 Bh5 6. e3 Bg6 7. Nxg6 hxg6 8. Bd3 Qc7 9. h3 Nbd7 10. Nc3 e5 11. cxd5 cxd5 12. dxe5 Nxe5 13. Bb5+ Ned7 14. Qa4 a6 15. Bd2 Rc8 16. Bd3 Qc6 17. Qxc6 Rxc6 18. 0-0 Bd6 19. Rac1 0-0 20. Ne2 Rfc8 21. Nd4 Rxc1 22. Rxc1 Rxc1+ 23. Bxc1 Ne5 24. Be2 Kf8 25. b3 Ke7 26. Bb2 Kd7 27. Nf3 Ke6 28. Ng5+ Ke7 29. Kf1 Ne4 30. Nxe4 dxe4 31. Ke1 f6 32. Kd2 Ke6 33. Bd4 Bb4+ 34. Kc2 Be1 35. f3 exf3 36. gxf3 Bb4 37. f4 Nc6 38. Kd3 Bd6 39. Bc3 b5 40. Bf3 Ne7 41. Bb7 b4 42. Bd4 a5 43. Bb6 Nd5 44. Bxd5+ Kxd5 45. Bxa5 f5 46. Bb6 Be7 47. Bd4 Bf8 48. Bb2 Kc6 49. Kc4 Kb6 50. Kd5 Kb5 51. Bd4 Ka5 52. Bc5 Bxc5 53. Kxc5 1-0

[Event "ROM-ch op"]
[Site "Sarata Monteoru"]
[Date "2011.02.14"]
[Round "3"]
[White "Marinescu, Stefan"]
[Black "Ionita, Ioan"]
[Result "1-0"]
[WhiteElo "1957"]
[BlackElo "1771"]
[PlyCount "61"]
[EventDate "2011.02.12"]
[EventType "swiss"]
[EventRounds "11"]
[EventCountry "ROU"]
[SourceTitle "EXT 2013"]
[Source "ChessBase"]
[SourceDate "2012.11.22"]
[SourceVersion "1"]
[SourceVersionDate "2012.11.22"]
[SourceQuality "1"]

1. d4 d5 2. c4 c6 3. Nc3 Nf6 4. Nf3 e6 5. Bg5 h6 6. Bxf6 Qxf6 7. e3 Nd7 8. Bd3 g6 9. e4 dxe4 10. Bxe4 Bg7 11. 0-0 0-0 12. Re1 Qd8 13. Bc2 b6 14. Qe2 Bb7 15. Rad1 Nf6 16. Ne5 g5 17. Qe3 Nd7 18. f4 Nxe5 19. dxe5 Qe7 20. Ne4 gxf4 21. Qxf4 Rfd8 22. Nf6+ Kf8 23. Qf2 Rxd1 24. Rxd1 Rd8 25. Nh7+ Ke8 26. Nf6+ Kf8 27. Rd4 Rxd4 28. Qxd4 c5 29. Qh4 Qd8 30. Nh7+ Ke8 31. Ba4+ 1-0